Online
Catalog

Archeological and historical investigations in Samaná Dominican Republic / (Record no. 33832)

MARC details
000 -CABECERA
campo de control de longitud fija 01273nam a2200301 i 4500
001 - NÚMERO DE CONTROL
campo de control 000034341
003 - IDENTIFICADOR DEL NÚMERO DE CONTROL
campo de control DO-SdBNP
005 - FECHA Y HORA DE LA ÚLTIMA TRANSACCIÓN
campo de control 20241030110129.0
008 - DATOS DE LONGITUD FIJA--INFORMACIÓN GENERAL
campo de control de longitud fija 111003s1929 dr 000 0 spa d
040 ## - FUENTE DE LA CATALOGACIÓN
Centro catalogador/agencia de origen DO-SdBNP
Lengua de catalogación spa
Centro/agencia transcriptor BNPHU
Normas de descripción rda
082 #4 - NÚMERO DE LA CLASIFICACIÓN DECIMAL DEWEY
Número de clasificación 972.9365
Número de documento/Ítem K92a
Número de edición 22
100 1# - ENTRADA PRINCIPAL--NOMBRE DE PERSONA
Nombre de persona Krieger, Herbert W.
Forma completa/desarrollada del nombre (Herbert William),
Fechas asociadas al nombre 1889-
Término indicativo de función/relación autor
9 (RLIN) 59764
245 10 - MENCIÓN DE TÍTULO
Título Archeological and historical investigations in Samaná Dominican Republic /
Mención de responsabilidad, etc. by Herbert W. Krieger.
264 ## - PRODUCCIÓN, PUBLICACIÓN, DISTRIBUCIÓN, FABRICACIÓN Y COPYRIGHT
Producción, publicación, distribución, fabricación y copyright Washington :
Nombre del de productor, editor, distribuidor, fabricante U.S. Govt. print. off.,
Fecha de producción, publicación, distribución, fabricación o copyright 1929.
300 ## - DESCRIPCIÓN FÍSICA
Extensión 91 páginas. :
Otras características físicas ilustraciones mapas. ;
Dimensiones 24 cm.
336 ## - TIPO DE CONTENIDO
Término de tipo de contenido rdacontent
Código de tipo de contenido texto
Fuente txt
337 ## - TIPO DE MEDIO
Nombre/término del tipo de medio rdamedia
Código del tipo de medio sin mediación
Fuente n
338 ## - TIPO DE SOPORTE
Nombre/término del tipo de soporte rdacarrier
Código del tipo de soporte volumen
Fuente nc
490 1# - MENCIÓN DE SERIE
Mención de serie Smithsonian Institution. United States National museum. Bulletin
Designación de volumen o secuencia 147
500 ## - NOTA GENERAL
Nota general Incluye referencias bibliográficas y notas al pie de las paginas
590 ## - NOTA LOCAL (RLIN)
Nota local Inventariado,2024/DG
650 #4 - PUNTO DE ACCESO ADICIONAL DE MATERIA--TÉRMINO DE MATERIA
Término de materia o nombre geográfico como elemento de entrada Indígenas de las Antillas
Subdivisión geográfica República Dominicana
9 (RLIN) 1048
651 #4 - PUNTO DE ACCESO ADICIONAL DE MATERIA--NOMBRE GEOGRÁFICO
Nombre geográfico República Dominicana
Subdivisión general Antigüedades
9 (RLIN) 45302
651 #0 - PUNTO DE ACCESO ADICIONAL DE MATERIA--NOMBRE GEOGRÁFICO
Nombre geográfico Samaná (República Dominicana : Provincia)
9 (RLIN) 76953
830 #0 - PUNTO DE ACCESO ADICIONAL DE SERIE-TÍTULO UNIFORME
Título uniforme Smithsonian institution. United States National museum. Bulletin
Designación de volumen o secuencia 147
9 (RLIN) 59765
910 ## - DATOS DE OPCIÓN DEL USUARIO (OCLC)
Datos de opción del usuario Validado. Control de calidad MFF
942 ## - ELEMENTOS DE PUNTO DE ACCESO ADICIONAL (KOHA)
Fuente del sistema de clasificación o colocación Dewey Decimal Classification
Tipo de ítem Koha Libro
Holdings
Estado de retiro Estado de pérdida Fuente del sistema de clasificación o colocación No para préstamo Código de colección Localización permanente Ubicación/localización actual Ubicación en estantería Fecha de adquisición Número de inventario Total de préstamos Signatura topográfica completa Código de barras Fecha visto por última vez Precio válido a partir de Tipo de ítem Koha Restricciones de uso Fuente de adquisición Número de copia Nota pública
    Dewey Decimal Classification   Patrimonio Dominicano Biblioteca Nacional Pedro Henríquez Ureña Biblioteca Nacional Pedro Henríquez Ureña Orden iniciada 03.10.2011 LF1   xx xx 34341-10 25.06.2020 25.06.2020 Libro y Folleto Colección Patrimonio Dominicano        
    Dewey Decimal Classification   Patrimonio Dominicano Biblioteca Nacional Pedro Henríquez Ureña Biblioteca Nacional Pedro Henríquez Ureña En catalogación 30.10.2024     BNPHU PD 972.9365 K92a 2024-6274 30.10.2024 30.10.2024 Libro Excluido de préstamo Donado por la Presidencia de la República Dominicana 2023 e.2 Pertenecio a la biblioteca personal de Emilio Cordero Michel

Powered by Koha